| 000 | 00357nam a2200133Ia 4500 | ||
|---|---|---|---|
| 008 | 191201s2004 xx 000 0 und d | ||
| 082 |
_a621.3815 _bCHF |
||
| 100 | _aCHAKRABARTI, A | ||
| 245 | 0 | _aFundamentals of Power Electronics And Drives | |
| 260 |
_aN.Delhi _bDhanpat Rai Pub (P) Ltd _c2004 |
||
| 300 | _a14.14 | ||
| 650 | _aB.Tech(ECE) | ||
| 942 |
_2ddc _cBK |
||
| 999 |
_c2193 _d2193 |
||